Loading...
| Current Events | 1 | 10.00 | 100% | 0% | 0% |
| Fine Arts - Classical Music | 5 | 22.00 | 100% | 100% | 20% |
| Fine Arts - Other Fine Arts | 4 | 20.00 | 100% | 75% | 25% |
| Fine Arts - Painting and Sculpture | 4 | 12.50 | 100% | 25% | 0% |
| History - American History | 7 | 11.43 | 86% | 29% | 0% |
| History - European History | 5 | 16.00 | 100% | 20% | 40% |
| History - Other History | 7 | 14.29 | 100% | 43% | 0% |
| History - World History | 4 | 12.50 | 100% | 25% | 0% |
| Literature - American Literature | 9 | 8.89 | 67% | 11% | 11% |
| Literature - British Literature | 7 | 14.29 | 100% | 14% | 29% |
| Literature - European Literature | 8 | 10.00 | 75% | 13% | 13% |
| Literature - World Literature | 7 | 11.43 | 71% | 43% | 0% |
| Mythology | 4 | 20.00 | 100% | 50% | 50% |
| Philosophy | 5 | 8.00 | 80% | 0% | 0% |
| Pop Culture | 1 | 20.00 | 100% | 100% | 0% |
| Religion | 8 | 16.25 | 88% | 63% | 13% |
| Science - Biology | 6 | 21.67 | 100% | 100% | 17% |
| Science - Chemistry | 5 | 20.00 | 100% | 80% | 20% |
| Science - Other Science | 5 | 8.00 | 80% | 0% | 0% |
| Science - Physics | 4 | 12.50 | 75% | 25% | 25% |
| Social Science | 6 | 16.67 | 83% | 50% | 33% |